Tkaň, tkane - tkanivo, nie ,tkáň, tkáne'; pleseň, plesne, nie ,plieseň, pliesne'

Bibliographic Details
Main Author: Peciar, Štefan, 1912-1989 (Author)
Format: Article
Language:Slovak

MARC

LEADER 00000nab a2200000ua 4500
001 vtls010742679
003 SK-MaSNL
005 20260304200329.0
008 250718s1972 xo |||||||||||||||||slo|
035 |a (urnnbn)urn:nbn:sk:snk:ar-004ob0 
035 |a urn:nbn:sk:snk-ab5hae 
035 |a (uuid)63f7c891-2f5a-4137-b59f-21e8ffd4ece7 
040 |a SNKBUCL  |b slo  |c SNKBUCL  |e AACR2 
041 0 |a slo 
044 |a xo  |c SK 
100 1 |a Peciar, Štefan,  |d 1912-1989  |4 aut  |9 101102 
245 1 0 |a Tkaň, tkane - tkanivo, nie ,tkáň, tkáne'; pleseň, plesne, nie ,plieseň, pliesne'  |c Š. Peciar 
773 0 |t Kultúra slova : vedecko-popularizačný časopis pre jazykovú kultúru a terminológiu : orgán Jazykovedného ústavu Ľudovíta Štúra SAV, Jazykového odboru Matice slovenskej a Ústrednej jazykovej rady  |g Roč. 6, č. 9 (1972), s. 314-315 
850 |a Slovenská národná knižnica 
852 |a Slovenská národná knižnica 
954 |a odborná, vedecká literatúra pôvodná (slovenská)  |2 lita 
958 |a article5 
958 |a OND 
958 |a EUIPO 
999 |c 3087398  |d 3089328